| 000 -CABECERA |
| campo de control de longitud fija |
01471nam a22002537a 4500 |
| 003 - IDENTIFICADOR DEL NÚMERO DE CONTROL |
| campo de control |
OSt |
| 005 - FECHA Y HORA DE LA ÚLTIMA TRANSACCIÓN |
| campo de control |
20240611214812.0 |
| 008 - DATOS DE LONGITUD FIJA--INFORMACIÓN GENERAL |
| campo de control de longitud fija |
240611b ||||| |||| 00| 0 spa d |
| 020 ## - NÚMERO INTERNACIONAL ESTÁNDAR DEL LIBRO |
| Número Internacional Estándar del Libro |
9786287659285 |
| 040 ## - FUENTE DE LA CATALOGACIÓN |
| Centro/agencia transcriptor |
CO-Mq BPB |
| 041 ## - CÓDIGO DE LENGUA |
| Código de lengua del texto/banda sonora o título independiente |
spa |
| 082 ## - NÚMERO DE LA CLASIFICACIÓN DECIMAL DEWEY |
| Número de clasificación |
AN |
| Número de documento/Ítem |
RESc |
| 100 ## - ENTRADA PRINCIPAL--NOMBRE DE PERSONA |
| Nombre de persona |
Restrepo, Laura |
| Fechas asociadas al nombre |
1950 |
| Término indicativo de función/relación |
autora |
| 245 ## - MENCIÓN DE TÍTULO |
| Título |
Canción de antiguos amantes |
| 250 ## - MENCIÓN DE EDICIÓN |
| Mención de edición |
Edición especial |
| 264 ## - PRODUCCIÓN, PUBLICACIÓN, DISTRIBUCIÓN, FABRICACIÓN Y COPYRIGHT |
| Producción, publicación, distribución, fabricación y copyright |
Bogotá : |
| Nombre del de productor, editor, distribuidor, fabricante |
Alfaguara |
| Fecha de producción, publicación, distribución, fabricación o copyright |
2023 |
| 300 ## - DESCRIPCIÓN FÍSICA |
| Extensión |
396 páginas |
| Otras características físicas |
Tapa rustica |
| Dimensiones |
24 cm |
| 490 ## - MENCIÓN DE SERIE |
| Mención de serie |
Plan Nacional de Lectura, Escritura y Oralidad / Ministerio de Cultura |
| 521 ## - NOTA DE PÚBLICO DESTINATARIO |
| Nota de público destinatario |
¿Se encontraron alguna vez Salomón y la reina de Saba? Esta novela trata de revivir, en la ficción, su historia de amor. El mito de esta mujer legendaria tal vez se encarne mejor hoy en las migrantes que suben hacia Arabia desde el Cuerno de África y se reclaman descendientes suyas. Canción de antiguos amantes parte de una serie de viajes hechos por la autora con Médicos sin Fronteras por Yemen, Etiopía y Somalia, actuales territorios del Reino de Saba. En la narración, buscando las raíces del personaje, una médica somalí y un escritor occidental recorren juntos el gran drama humano del presente. Por ello esta novela trata también de la posibilidad de sanar, de abrir los ojos, y tender una mano a los que la necesitan. |
| 650 ## - PUNTO DE ACCESO ADICIONAL DE MATERIA--TÉRMINO DE MATERIA |
| Término de materia o nombre geográfico como elemento de entrada |
Novela Colombiana |
| 650 ## - PUNTO DE ACCESO ADICIONAL DE MATERIA--TÉRMINO DE MATERIA |
| Término de materia o nombre geográfico como elemento de entrada |
Literatura Colombiana |
| 650 ## - PUNTO DE ACCESO ADICIONAL DE MATERIA--TÉRMINO DE MATERIA |
| Término de materia o nombre geográfico como elemento de entrada |
Mujeres inmigrantes en la literatura |
| 942 ## - ELEMENTOS DE PUNTO DE ACCESO ADICIONAL (KOHA) |
| Fuente del sistema de clasificación o colocación |
|
| Tipo de ítem Koha |
Libro Literatura |